Efektivnější podnikání, nebo nová podnikatelská příležitost?

Komplexný outsourcing vybraných obchodných procesov k zlepšeniu fungovania a zvýšenia konkurencieshopnosti. Informačné technológie a ich podpora v business procese. Outsourcing ako strategická záležitosť podľa ktorej sa firma rozhodne či je pripravená na takýto model.

Salvato in:
Dettagli Bibliografici
Autore principale: Škanta, Jan
Natura: Capitolo di libro
Lingua:ceco
Soggetti:
Tags: Aggiungi Tag
Nessun Tag, puoi essere il primo ad aggiungerne!!

MARC

LEADER 00000naa$a2200000$$$4500
001 0114202
005 20231129093252.4
041 0 |a cze 
044 |a CZ 
245 1 0 |a Efektivnější podnikání, nebo nová podnikatelská příležitost?  |c Jan Škanta 
520 |a Komplexný outsourcing vybraných obchodných procesov k zlepšeniu fungovania a zvýšenia konkurencieshopnosti. Informačné technológie a ich podpora v business procese. Outsourcing ako strategická záležitosť podľa ktorej sa firma rozhodne či je pripravená na takýto model. 
610 2 0 |a banky 
610 2 0 |a inštitúcie finančné 
610 2 0 |a technológie informačné 
610 2 0 |a outsourcing 
610 2 0 |a metódy organizácie 
610 2 0 |a konkurencia 
100 1 |a Škanta, Jan